00482 2200145 4500001002100000008004100021035002000062245008700082100003600169260005700205300001100262084002000273082001400293650002900307INLIS000000000000029 ind  a0010-0622000029 aPedoman Sanitasi Rumah Sakit Di IndonesiacDepartemen Kesehatan Republik Indonesia aIndonesia, Departemen Kesehatan aJakarta :bDepartemen Kesehatan Ditjen P2M PLPc1988 a75 hlm a363.729 7 IND p a363.729 7 aAdministrasi Rumah Sakit